| 000 | 00825nam a2200217Ia 4500 | ||
|---|---|---|---|
| 003 | GCL | ||
| 008 | 140319s9999 xx 000 0 ara d | ||
| 040 |
_aGCL / _cGCL |
||
| 082 | 0 | 4 |
_aط _b819.03 _bك ق |
| 100 | 1 | _aكامل كيلانى | |
| 245 | 1 | 0 |
_aقصص هندية \ الشيخ الهندى - الاميرة القاسية - شبكة الموت - صراع الاخوين - الوزير السجين - خاتم الذكرى - فى غابة الشياطين / _cكامل كيلانى |
| 260 |
_aالقاهرة : _bدار المعارف ، _c1989 |
||
| 300 |
_aمتعدد ؛ _c20 سم |
||
| 490 |
_aقصص هندية _v0 |
||
| 650 | 0 | 4 | _aالاطفال |
| 650 | 0 | 4 | _aقصص الاطفال |
| 650 | 0 | 4 | _aالقصص الخرافية |
| 650 | 0 | 4 | _aالاساطير |
| 650 | 0 | 4 | _aالهند - قصص |
| 942 |
_2ddc _cBK |
||
| 999 |
_c58404 _d58404 |
||